|
|
|
|
| LEADER |
01090nam a2200265 a 4500 |
| 001 |
14067487 |
| 008 |
091013s2005 dcua b 000 0 eng d |
| 010 |
|
|
|a 2005053846
|
| 020 |
|
|
|a 0821363948
|
| 020 |
|
|
|a 9780821363942
|
| 022 |
|
|
|a 1726-5878
|
| 040 |
|
|
|a DLC
|c DLC
|d YDX
|d BAKER
|d YUS
|d MUQ
|d DLC
|
| 082 |
0 |
0 |
|a 362.196/9792/009496
|2 22
|
| 245 |
0 |
0 |
|a HIV/Aids in the western Balkans :
|b priorities for early prevention in a high-risk environment /
|c Joana Godinho ... [et al.].
|
| 260 |
|
|
|a Washington, D.C. :
|b World Bank,
|c c2005.
|
| 300 |
|
|
|a xxii, 195 p. :
|b ill. (some col.) ;
|c 26 cm.
|
| 490 |
0 |
|
|a World Bank working paper ;
|v no. 68
|
| 504 |
|
|
|a Includes bibliographical references (p. 189-195).
|
| 541 |
1 |
|
|e 00014054
|
| 650 |
|
0 |
|a HIV infections
|z Balkan Peninsula.
|
| 650 |
|
0 |
|a AIDS (Disease)
|x Balkan Peninsula.
|
| 700 |
1 |
|
|a Godinho, Joana,
|d 1951-
|
| 852 |
4 |
|
|a Ayesha Abed Library
|j General shelf
|
| 999 |
|
|
|c 8266
|d 8266
|
| 952 |
|
|
|0 0
|1 0
|2 ddc
|4 0
|6 362_196979200949600_HIV_2005
|7 0
|9 9486
|a BRACUL
|b BRACUL
|c GEN
|d 2010-04-27
|l 0
|o 362.1969792009496 HIV
|p 3010014054
|r 2010-04-27
|t 1
|w 2010-04-27
|y BK
|